000 00258nam a2200097Ia 4500
008 240331s9999 xx 000 0 und d
082 _bNew
100 _aBoston Women's Health. ed
245 4 _aThe new our bodies, ourselves :
_babook by and for women
942 _cL
999 _c2653
_d2653